Szellemidézés egy elkésett nekrológ helyett /
Elmentve itt :
| Szerző: | |
|---|---|
| Dokumentumtípus: | Cikk |
| Megjelent: |
1968
|
| Sorozat: | Tiszatáj
22 No. 11 |
| Kulcsszavak: | Magyar irodalom - novella |
| Online Access: | http://tiszataj.bibl.u-szeged.hu/5488 |
| LEADER | 00599nab a2200181 i 4500 | ||
|---|---|---|---|
| 001 | tisza5488 | ||
| 005 | 20200330131052.0 | ||
| 008 | 170502s1968 hu o 0|| hun d | ||
| 022 | |a 0133-1167 | ||
| 040 | |a SZTE Tiszatáj Archívum |b hun | ||
| 041 | |a hun | ||
| 100 | 1 | |a Papp Zoltán | |
| 245 | 1 | 0 | |a Szellemidézés |h [elektronikus dokumentum] : |b egy elkésett nekrológ helyett / |c Papp Zoltán |
| 260 | |c 1968 | ||
| 300 | |a 1000-1001 | ||
| 490 | 0 | |a Tiszatáj |v 22 No. 11 | |
| 695 | |a Magyar irodalom - novella | ||
| 856 | 4 | 0 | |u http://tiszataj.bibl.u-szeged.hu/5488/1/tiszataj_1968_011_1000-1001.pdf |z Dokumentum-elérés |